000 01245cam a22003371a 4500
001 17203493
003 PILC
005 20150805160406.0
008 120309s2012 enka b 001 0 eng
010 _a 2011534346
020 _a9780199553433 (hbk.)
020 _a0199553432 (hbk.)
040 _aDLC
_cDLC
_dDLC
042 _apcc
050 0 0 _aHG 4529.5
_b.Ox94 2012
245 0 0 _aOxford handbook of quantitative asset management /
_cedited by Bernd Scherer and Kenneth Winston.
246 3 0 _aQuantitative asset management
260 _aOxford ;
_aNew York :
_bOxford University Press,
_c2012.
300 _axxvii, 501 pages :
_billustrations ;
_c26 cm.
490 0 _aOxford handbooks in finance
500 _aIncludes bibliographical references and index.
650 0 _aPortfolio management
_xMathematical models.
650 0 _aInvestment analysis
_xMathematical models.
650 0 _aAsset allocation
_xMathematical models.
650 0 _aRisk management
_xMathematical models.
700 1 _aScherer, Bernd,
_d1964-
700 1 _aWinston, Kenneth James.
906 _a7
_bcbc
_corignew
_d2
_encip
_f20
_gy-gencatlg
942 _2lcc
_cBK
_kFOR
999 _c288352
_d288352